000 00621nmm a2200205Ia 4500
008 251105s9999||||xx |||||||||||||||||und||
020 _a9788417761394
041 _aspa
100 _aMazzanti, Marcelo E.
245 0 _aSerie Max Einstein 2. Rebeldes con causa
264 _a[Madrid, España] :
_bDuomo ediciones,
_c[Fecha de publicación no identificada]
300 _a0 páginas
490 _aMax Einstein
650 _aLiterature
700 _aMazzanti, Marcelo E.
700 1 _a Grabenstein, Chris
700 1 _a Patterson, James
856 _uhttps://public.digitaliapublishing.com/a/124257
942 _cCF
999 _c68679
_d68679